000 00605nam a22002297a 4500
001 89566
003 UA-OsUOA
005 20201220205354.0
007 ta
008 20121107b un ||||| |||| 00| 0 ukr d
040 _aUA-OsUOA
_bukr
_cUA-OsUOA
_dUA-OsUOA
041 _aukr
080 _a821.161.2
090 _a821.161.2
_bЗ-14
100 _aЗагребельний П.
245 _aРозгін
_bроман
_nкн. 2-3
260 _aК.
_bДніпро
_c1976
300 _a200 с.
650 7 _a82 Література. Літературознавство
_2UDC
942 _cBK
_2udc
955 _a3
999 _c375862
_d375862